Проблемы сбора, подготовки и транспорта нефти и нефтепродуктов: научно-технический журнал

Xehetasun bibliografikoak
Erakunde egilea: Уфимский государственный нефтяной технический университет (570)
Gaia:Печатная подписка на журнал с 2009 по 2017 гг. (1 полугодие) 2017-2018 электронная подписка. С 2020 возобновление электронной подписки. Доступ с платформы eLibrary.ru С 2017 г. журнал представлен в электронном виде.
В журнале рассматриваются вопросы теории и практики добычи, сбора, подготовки и транспорта нефти, надежности и антикоррозионной защиты трубопроводов и нефтегазового оборудования, а также уделяется внимание промышленной и пожарной безопасности объектов нефтегазовой отрасли, экономическим и экологическим проблемам.
Hizkuntza:errusiera
Argitaratua: Уфа, Изд-во УГНТУ, 1961-
Gaiak:
Sarrera elektronikoa:Журнал на платформе eLIBRARY по подписке ТПУ
Официальный сайт журнала
Formatua: MixedMaterials Baliabide elektronikoa Aldizkako argitalpena
KOHA link:https://koha.lib.tpu.ru/cgi-bin/koha/opac-detail.pl?biblionumber=411198

MARC

LEADER 00000nas1a2200000 4500
001 411198
005 20231212094444.0
011 |a 1998-8443 
090 |a 411198 
100 |a 20231211a19619999k||y0rusy50 ca 
101 0 |a rus 
102 |a RU 
110 |a agaz|||0yy0 
200 1 |a Проблемы сбора, подготовки и транспорта нефти и нефтепродуктов  |e научно-технический журнал  |f Уфимский государственный нефтяной технический университет 
210 |a Уфа  |c Изд-во УГНТУ  |d 1961- 
300 |a Печатная подписка на журнал с 2009 по 2017 гг. (1 полугодие) 2017-2018 электронная подписка. С 2020 возобновление электронной подписки. Доступ с платформы eLibrary.ru С 2017 г. журнал представлен в электронном виде. 
305 |a Основан в 1961 г. 
326 |a Периодичность - 6 выпусков в год 
330 |a В журнале рассматриваются вопросы теории и практики добычи, сбора, подготовки и транспорта нефти, надежности и антикоррозионной защиты трубопроводов и нефтегазового оборудования, а также уделяется внимание промышленной и пожарной безопасности объектов нефтегазовой отрасли, экономическим и экологическим проблемам. 
606 1 |a Нефть  |x Подготовка промысловая  |9 65076 
606 1 |a Нефтепродукты  |x Транспортировка и хранение  |9 64989 
610 1 |a нефть 
610 1 |a нефтедобыча 
610 1 |a нефтяные месторождения 
610 1 |a разработка 
610 1 |a сбор 
610 1 |a подготовка 
610 1 |a нефтехранилища 
610 1 |a нефтепроводы 
610 1 |a нефтепродукты 
675 |a 622.276.8  |v 4  |z rus 
675 |a 622.692  |v 4  |z rus 
712 0 2 |a Уфимский государственный нефтяной технический университет  |c (1993- )  |3 (RuTPU)RU\TPU\col\42  |9 23148  |4 570 
801 0 |a RU  |b 63413507  |c 20231211  |g PSBO 
856 4 |u http://elibrary.ru/contents.asp?titleid=25182  |z Журнал на платформе eLIBRARY по подписке ТПУ 
856 4 |u http://ntj-oil.ru/  |z Официальный сайт журнала 
942 |c CR